000 01722nam a22002297a 4500
001 216222711
003 UA-OsUOA
005 20220819100957.0
008 220819b un ||||f |||| 00| 0 ukr d
040 _aUA-OsUOA
_bukr
_cUA-OsUOA
_dUA-OsUOA
041 _aukr
080 _a81
090 _a81
_bО-26
100 _aОбушний І. І.
245 _aЛексико-термінологічний аналіз освітніх веб-сайтів американських ВНЗ (Harvard, MIT)
_cОбушний І. І.
260 _aОстрог
_bКАФ
_c2017
300 _a54 с.
520 _aВступ. Розділ І. Теоретичні засади дослідження термінології. 1.1. Терміни, їх класифікація та семантико-стилістичні особливості 1.2. Терміносистема як організована структура номінативних одиниць Висновки до Розділу І. Розділ ІІ. Термінологічний аналіз вибраних термінів інтерфейсу веб-сайтів американських ВНЗ. 2.1. Термінологічний аналіз веб-сайту Гарвардського університету 2.2. Термінологічний аналіз веб-сайту Массачусетського технологічного інституту (МІТ) Висновки до Розділу ІІ. Висновки. Список використаної літератури. Додатки.
650 _a81 Лінгвістика. Мовознавство. Мови
_2UDC
942 _cBK
_2udc
955 _a1
999 _c285956
_d285956